01489cam a22001814a 450000500170000002000310001704000330004808200140008124500970009525000120019226000340020430000370023850400510027552009150032665000250124165000170126670000240128320251005133600.0 a0072987383cTZS 80,000 /= aMCCLbeng.eAACR 2nd rev.ed.00a658.3 HUM00aHuman resource management :bgaining a competitive advantage /cRaymond A. Noe...[at all]. a5th ed. aBoston :bMcGraw-Hill,c2006. axxxiv, 749 p. :b ill. ;c26 cm. aIncludes bibliographical references and index. aAs competitors strive to win the war for talent, effective human resource management is necessary to gain true competitive advantage in the marketplace. Three challenges companies face are sustainability, technology, and globalization. Human Resource Management 5th Edition brings these challenges to life by highlighting real-world examples pertaining to these issues and relating it to the concepts within the chapter. This best-selling McGraw-Hill/Irwin Human Resource Management title provides students with the technical background needed to be a knowledgeable consumer of human resource (HR) products and services, to manage HR effectively, or to be a successful HR professional. While clearly strategic in nature, the text also emphasizes how managers can more effectively acquire, develop, compensate, and manage the internal and external environment that relates to the management of human resources.  0aPersonnel management 0aOrganizatin.1 aWright, Patrick M.